Unconventional Monetary Policy of Federal Reserve System and European Central Bank diplomová práca

Enregistré dans:
Détails bibliographiques
Auteur principal: Stoev, Andrej
Collectivité auteur: Národohospodárska fakulta EU. Katedra bankovníctva a medzinárodných financií
Autres auteurs: Šturc, Boris, 1961-
Format: Livre
Langue:anglais
Publié: Bratislava 2016
Tags: Ajouter un tag
Pas de tags, Soyez le premier à ajouter un tag!

MARC

LEADER 00000nbm a2200000 4500
001 0219884
005 20240722102743.4
041 0 |a eng 
044 |a SK 
245 1 0 |a Unconventional Monetary Policy of Federal Reserve System and European Central Bank  |b diplomová práca  |c Andrej Stoev ; školiteľ: Boris Šturc 
264 1 |a Bratislava  |c 2016 
300 |a 48 s. 
100 1 |a Stoev, Andrej 
700 1 |a Šturc, Boris, 1961- 
710 2 |a Národohospodárska fakulta EU. Katedra bankovníctva a medzinárodných financií